| 000 | 00683nam a22002057a 4500 | ||
|---|---|---|---|
| 999 |
_c20492 _d20492 |
||
| 003 | AR-CdUCM | ||
| 008 | 190328b ||||| |||| 00| 0 spa d | ||
| 040 |
_aMUNICIPALIDAD PROVINCIAL DEL CUSCO _cBIBLIOTECA MUNICIPAL DEL CUSCO |
||
| 082 |
_a869.56 / _bC93 |
||
| 100 |
_aCuentas Zavala, J. Alberto _917649 |
||
| 245 |
_aCantos rodados : _bpoemas / |
||
| 260 |
_aPuno : _bTip. E. Portugal, _c1958 |
||
| 300 |
_a116 páginas ; _bIlustraciones _c28 cm. |
||
| 505 | _aContenido : El vértice de un triangulo -- Oración de la cumbre -- Introspección... | ||
| 650 |
_aPoesía _9444 |
||
| 650 |
_aPuno _93897 |
||
| 650 |
_aLiteratura _9416 |
||
| 942 |
_2ddc _cLIBROS |
||
| 945 | _aJavier | ||